| 000 | 01271nam a2200313 i 4500 | ||
|---|---|---|---|
| 001 | 000025355 | ||
| 003 | DO-SdBNP | ||
| 005 | 20250917085912.0 | ||
| 007 | ta | ||
| 008 | 110215s1989 dr abc 000 0 spa d | ||
| 040 |
_aDO-SdBNP _bspa _cBNPHU _erda |
||
| 041 | _aspa | ||
| 082 | 4 |
_a972.9382 _bM524s _222 |
|
| 100 | 1 |
_aMella Jiménez, Eligio, _eautor _4aut. _937668 |
|
| 245 | 1 | 0 |
_aSan José de los Llanos en la historia dominicana / _cEligio Mella Jiménez, Jaime Sosa, José Vasquez. |
| 264 | 1 |
_aSan José de los Llanos, República Dominicana : _bEditora Corripio, _c1989. |
|
| 300 |
_a368 páginas : _bilustraciones, mapa, retratos ; _c23 cm. |
||
| 336 |
_atexto _btxt _2rdacontent |
||
| 337 |
_asin mediación _bn _2rdamedia |
||
| 338 |
_avolumen _bnc _2rdacarrier |
||
| 590 | _aInventariado, 2025/BT | ||
| 650 | 4 |
_aCiudades y pueblos _zSan José De Los Llanos (República Dominicana{Rpara} _951926 |
|
| 651 | 4 |
_aSan José De Los Llanos (República Dominicana{Rpara} _xHistoria Local _951924 |
|
| 651 | 4 |
_aSan Joséé De Los Llanos (República Dominicana{Rpara} _xVida Social y costumbres _951925 |
|
| 700 | 1 |
_aSosa, Jaime, _eautor _4aut. _951927 |
|
| 700 | 1 |
_aVasquez, José, _eautor _4aut. _951928 |
|
| 910 | _aValidado. Control de calidad MMOLINA | ||
| 942 |
_2ddc _cLBS1 |
||
| 999 |
_c24847 _d24847 |
||